Over 1000 Fantastic Facts : (Record no. 48529)
| 000 -LEADER | |
|---|---|
| fixed length control field | 00366nam a2200109 4500 |
| 020 ## - INTERNATIONAL STANDARD BOOK NUMBER | |
| International Standard Book Number | 9781848102910 |
| 100 ## - MAIN ENTRY--PERSONAL NAME | |
| Personal name | Miles Kelly, |
| Relator term | Publisher. |
| 9 (RLIN) | 42808 |
| 245 ## - TITLE STATEMENT | |
| Title | Over 1000 Fantastic Facts : |
| Remainder of title | Earth and space,prehistoric life,animals,history and science / |
| Statement of responsibility, etc | By Miles Kelly. |
| 260 ## - PUBLICATION, DISTRIBUTION, ETC. (IMPRINT) | |
| Place of publication, distribution, etc | UK.: |
| Name of publisher, distributor, etc | Miles Kelly Publishing. ; |
| Date of publication, distribution, etc | 2010. |
| 300 ## - PHYSICAL DESCRIPTION | |
| Extent | 512 pages. |
| 942 ## - ADDED ENTRY ELEMENTS (KOHA) | |
| Source of classification or shelving scheme | |
| Koha item type | Book |
| Withdrawn status | Lost status | Source of classification or shelving scheme | Damaged status | Not for loan | Home library | Current library | Date acquired | Total Checkouts | Full call number | Barcode | Checked out | Date last seen | Date checked out | Price effective from | Koha item type |
|---|---|---|---|---|---|---|---|---|---|---|---|---|---|---|---|
| Logos International School | Logos International School | 03/04/2025 | 2 | J 030 MIL | 040465 | 03/23/2026 | 03/13/2026 | 03/13/2026 | 03/04/2025 | Book |